• 首页
  • 本馆介绍
  • 公告通知
  • 最新文献
  • 馆藏检索
  • 电子资源
  • 读者导购
  • 参考咨询
  • 我的图书馆
  • 登录
  • 详细信息显示
  • 放入我的书架
  • 预约/预借图书
  • 作者相关作品
  • 分类相关作品
  • 丛书相关作品
  • 出版社相关作品

书目信息

  • 表格格式
  • 工作单格式
  • 卡片格式
题名:
无力的维权
    
 
作者: 许健柏 著
分册:  
出版信息: 北京   中国文史出版社  2022
页数: 212页
开本: 21cm
丛书名:
单 册:
中图分类: K313.430.7 , K252.05 , K313.4
科图分类:
主题词: 日俄战争--研究 , 历史事件--研究--中国--清后期
电子资源:
ISBN: 978-7-5205-3433-8
000 00823nam0 2200253 450
001 2255335787
005 20221019152246.03
010    @a978-7-5205-3433-8@dCNY42.00
100    @a20220228d2022 em y0chiy50 ea
101 0  @achi
102    @aCN@b110000
105    @ay z 000yy
200 1  @a无力的维权@9wu li de wei quan@e日俄战争期间清政府维护东北国民权益研究@f许健柏著
210    @a北京@c中国文史出版社@d2022
215    @a212页@d21cm
330    @a本书围绕日俄战争期间的维权这一主题,从宏观和微观的结合上,对清政府维护东北国民权益所作努力及其结局作了颇有新意的探讨。
606 0  @a日俄战争@x研究
606 0  @a历史事件@x研究@y中国@z清后期
690    @aK313.430.7@v5
690    @aK252.05@v5
690    @aK313.4@v4
701  0 @a许健柏@9xu jian bai@4著
801  0 @aCN@b91MARC@c20220303
905    @aZUCC@dK313.4@e5
    
    无力的维权:日俄战争期间清政府维护东北国民权益研究/许健柏著.-北京:中国文史出版社,2022
    212页;21cm
    
    
    ISBN 978-7-5205-3433-8:CNY42.00
    本书围绕日俄战争期间的维权这一主题,从宏观和微观的结合上,对清政府维护东北国民权益所作努力及其结局作了颇有新意的探讨。
●
相关链接 在五车中查询图书 在当当中查询图书 在豆瓣中查询图书


正题名:无力的维权     索取号:K313.4/5         预约/预借

序号 登录号 条形码 馆藏地/架位号 状态 备注
1 2000915074   2000915074   第三书库/ [索取号:K313.4/5] 在馆    
2 2000915075   2000915075   第三书库/ [索取号:K313.4/5] 在馆    
3 2000915076   2000915076   第三书库/ [索取号:K313.4/5] 在馆    
山东省滨州职业学院图书馆 欢迎您!
大连网信软件有限公司© 版权所有